|
|
|
|
| LEADER |
00000nab a2200000 a 4500 |
| 001 |
vtls000900226 |
| 003 |
SK-MaSNL |
| 005 |
20260302175053.0 |
| 008 |
040720e19990326xo 0 slo |
| 035 |
|
|
|a KE9228
|
| 040 |
|
|
|a KEVKJB
|b slo
|c KEVKJB
|e AACR2
|
| 041 |
0 |
|
|a slo
|
| 044 |
|
|
|a xo
|c SK
|
| 080 |
|
|
|a 656.08
|2 1981
|
| 100 |
1 |
|
|a Gajdošová, Jaroslava
|4 aut
|9 465467
|
| 245 |
1 |
0 |
|a Pasažier zdemolovaného taxíka podstúpil za pätnásť mesiacov trinásť operácií
|b Obeť dopravnej nehody Silvie Smerekovej prišla o nohu
|
| 300 |
|
|
|b 2 foto
|
| 600 |
1 |
7 |
|a Smereková, Sylvia
|2 SNK
|9 885949
|
| 600 |
1 |
7 |
|a Raško, Róbert
|2 SNK
|9 885950
|
| 650 |
0 |
7 |
|a dopravné nehody
|2 SNKPH
|9 4151
|
| 650 |
0 |
7 |
|a amputácia
|2 SNKPH
|9 19502
|
| 650 |
0 |
7 |
|a odškodnené
|2 SNK
|9 885659
|
| 650 |
0 |
7 |
|a reportáže
|2 SNKPH
|9 75670
|
| 650 |
0 |
7 |
|a amputácia dolnej končatiny
|2 SNK
|9 159071
|
| 651 |
|
7 |
|a Košice (Slovensko)
|2 SNKPHgeo
|9 18694
|
| 651 |
|
7 |
|a KE,
|2 KEVKJB
|9 877256
|
| 655 |
|
7 |
|a periodikum
|2 SNKPH
|9 29553
|
| 773 |
0 |
8 |
|t Korzár
|g Roč. 2, č.71, 26.3.1999, s. 3
|
| 852 |
|
|
|a ZVYKNI
|b KIS3GCP
|
| 999 |
|
|
|c 1405907
|d 1407837
|